| 000 | 00582nam a22001697a 4500 | ||
|---|---|---|---|
| 005 | 20230713044246.0 | ||
| 008 | 230713b |||||||| |||| 00| 0 eng d | ||
| 020 | _a978-971-9667-10-0 | ||
| 082 | _aG.S./Fil. 344.59907 D286 2019 | ||
| 100 |
_aDe Belen, Rustico T. _eauthor |
||
| 245 |
_aEducation laws jurisprudence and governance / _cRustico T. De Belen |
||
| 260 |
_aQuezon City: _bJobal Publishing House, _cc2019 |
||
| 300 | _aviii, 582p. | ||
| 504 | _aIncludes bibliographical references | ||
| 541 | _e7274 c.1, 7275 c.2 | ||
| 650 | _aEducation - Philippines - Laws and legislation | ||
| 999 |
_c2197 _d2197 |
||